000 00282nam a22001217a 4500
003 SGT
082 _a300.72
_bBIN
100 _aBINWAL J C
245 _aSOCIAL SCIENCE INFORMATION
_bPROBLEMS AND PROSPECTS
260 _aNEW DELHI
_bHAR ANAND
_c1990
300 _a494
942 _2ddc
_cBK
999 _c32701
_d32701